000 00516nam a2200145Ia 4500
008 210820s9999||||xx |||||||||||||| ||und||
040 _aID-SmMUS
084 _a234-0642 MAH IP.13
100 _aWayan Mahayana
245 0 _aPeran Kepala Desa Dalam Meningkatkan Pembangunan Desa Di Desa Bumi Rapak Kecamatan Kaubun Kabupaten Kutai Timur
260 _aSamarinda
_bFisip Unmul
_c2013
650 _aTheses (Skripsi, Tesis, Disertasi)
_eT-H-E
_xSkripsi-IP
_yIP-2013
700 _aDr.Phil I Ketut Gunawan, M.A
942 _cTHE
999 _c10987
_d10987